[Event "Bayern-chTT (RL Sued-West)"]
[Site "Bayern 2008/09"]
[Date "2008.11.30"]
[Round "3.3"]
[White "Fischer, Manfred Dr(57)"]
[Black "Boehm, Uwe(56)"]
[Result "0-1"]
[WhiteElo "2109"]
[BlackElo "2078"]
[PlyCount "80"]
[EventDate "2009.03.??"]
[EventType "team-tourn"]
[EventRounds "9"]
[WhiteTeam "Türkheim 1"]
[BlackTeam "München-Siemens 1"]

1. d4 d5 2. Nf3 Nf6 3. e3 c6 4. c4 e6 5. Nc3 Nbd7 6. Bd3 dxc4 7. Bxc4 b5 8. Bb3
b4 9. Ne2 Bb7 10. O-O Bd6 11. Ng3 O-O 12. Ng5 h6 13. Nxf7 Kxf7 14. Bxe6+ Kxe6
15. Qb3+ Nd5 16. e4 Qh4 17. Bd2 N7b6 18. Rae1 Kd7 19. exd5 Nxd5 20. Re4 Qf6 21.
Rg4 g5 22. Ne4 Qe6 23. f3 a5 24. Re1 Qf7 25. h4 Bf4 26. hxg5 Bxd2 27. Nxd2 hxg5
28. Rxg5 Rg8 29. Rge5 Qg6 30. g4 Rae8 31. Nc4 Kc7 32. Qa4 Rxe5 33. Nxe5 Qh6 34.
Qxa5+ Kc8 35. Kf1 Qd2 36. Re2 Qd1+ 37. Kf2 Qxd4+ 38. Kg3 Qf4+ 39. Kf2 Qd4+ 40.
Kg3 Rh8 0-1

[Event "Bayern-chTT (RL Sued-West)"]
[Site "Bayern 2008/09"]
[Date "2008.11.30"]
[Round "3.4"]
[White "Markl, Martin"]
[Black "Tudosa, Daniel"]
[Result "1-0"]
[WhiteElo "2051"]
[BlackElo "2027"]
[PlyCount "58"]
[EventDate "2009.03.??"]
[EventType "team-tourn"]
[EventRounds "9"]
[WhiteTeam "München-Siemens 1"]
[BlackTeam "Türkheim 1"]

1. d4 Nf6 2. c4 g6 3. Nc3 Bg7 4. e4 d6 5. f3 O-O 6. Be3 c5 7. Nge2 Qa5 8. Qd2
a6 9. Rd1 Nc6 10. d5 Ne5 11. Nc1 Rb8 12. f4 Neg4 13. Bg1 Nh5 14. N1e2 f5 15. h3
Nh6 16. exf5 gxf5 17. Be3 Bf6 18. Kf2 Kh8 19. g3 Rg8 20. Rg1 Bd7 21. a3 b5 22.
b4 cxb4 23. axb4 Qxb4 24. cxb5 Bxb5 25. Rb1 Qa5 26. Bd4 Bxe2 27. Bxe2 Rxb1 28.
Bxf6+ Nxf6 29. Rxb1 Qxc3 1-0

[Event "Bayern-chTT (RL Sued-West)"]
[Site "Bayern 2008/09"]
[Date "2008.11.30"]
[Round "3.5"]
[White "Lux, Werner"]
[Black "Haizmann, Thomas"]
[Result "1/2-1/2"]
[WhiteElo "1929"]
[BlackElo "2125"]
[PlyCount "116"]
[EventDate "2009.03.??"]
[EventType "team-tourn"]
[EventRounds "9"]
[WhiteTeam "Türkheim 1"]
[BlackTeam "München-Siemens 1"]

1. e4 Nf6 2. Nc3 d5 3. exd5 Nxd5 4. Nf3 Bg4 5. h3 Bh5 6. Bc4 e6 7. d3 Be7 8.
Qe2 Nb6 9. Bb3 N8d7 10. a3 Nf6 11. Bf4 c6 12. Be5 Bd6 13. g4 Bg6 14. O-O-O Qe7
15. Bxd6 Qxd6 16. Qe5 Qxe5 17. Nxe5 Nbd7 18. Nxd7 Kxd7 19. Ne4 Nxe4 20. dxe4+
Ke7 21. e5 Rad8 22. Rxd8 Rxd8 23. Re1 h6 24. Re3 Rd4 25. f3 Bh7 26. c3 Rd3 27.
Rxd3 Bxd3 28. Kd2 Bf1 29. h4 g5 30. hxg5 hxg5 31. Ke3 b6 32. Ba4 c5 33. f4
gxf4+ 34. Kxf4 Be2 35. Bc6 Kf8 36. Be4 Kg7 37. b4 Kh6 38. Bc6 Kg6 39. Be8 Kg7
40. bxc5 bxc5 41. Ba4 Bc4 42. Bc2 Kf8 43. Ke3 Ke7 44. Be4 Kd7 45. Kf4 Ke7 46.
Bf3 Kf8 47. Bd1 Kg7 48. Bc2 Kf8 49. Ke3 Ke7 50. Bh7 Kf8 51. Bd3 Bb3 52. Be2 Kg7
53. Ke4 Kg6 54. Kf4 Kg7 55. Bd3 Kh6 56. Be4 Bc4 57. Bc6 Kg6 58. Be8 Be2 1/2-1/2

[Event "Bayern-chTT (RL Sued-West)"]
[Site "Bayern 2008/09"]
[Date "2008.11.30"]
[Round "3.6"]
[White "Amelang, Thomas"]
[Black "Erler, Mark"]
[Result "1/2-1/2"]
[WhiteElo "2068"]
[BlackElo "2018"]
[PlyCount "94"]
[EventDate "2009.03.??"]
[EventType "team-tourn"]
[EventRounds "9"]
[WhiteTeam "München-Siemens 1"]
[BlackTeam "Türkheim 1"]

1. e4 c5 2. Nc3 e6 3. d3 d5 4. f4 b6 5. Qf3 Bb7 6. Nh3 d4 7. Ne2 Nc6 8. a3 Qc7
9. Nf2 h5 10. g4 hxg4 11. Nxg4 Nf6 12. Nxf6+ gxf6 13. Bg2 O-O-O 14. Bd2 Kb8 15.
h4 Be7 16. h5 f5 17. Ng3 Rdg8 18. Kf2 fxe4 19. Nxe4 Nd8 20. f5 Bg5 21. Bxg5
Rxg5 22. fxe6 f5 23. e7 Ne6 24. Nxg5 Bxf3 25. Nxe6 Qxe7 26. Bxf3 Qxe6 27. Rae1
Qh6 28. Re7 Qd2+ 29. Re2 Qf4 30. Re7 Qd2+ 31. Re2 Qg5 32. Re6 f4 33. Re4 Qg3+
34. Ke2 Rh6 35. Re8+ Kc7 36. Re7+ Kd6 37. Re8 Kd7 38. Re4 Qg5 39. Kf2 Rh7 40.
Rh3 Rg7 41. Rh1 Kd6 42. Ke2 Qh6 43. Rh4 Re7 44. Rxe7 Kxe7 45. Be4 Kf6 46. Kf3
Ke5 47. Bg6 Qg5 1/2-1/2

[Event "Bayern-chTT (RL Sued-West)"]
[Site "Bayern 2008/09"]
[Date "2008.11.30"]
[Round "3.7"]
[White "Epple, Ulrich"]
[Black "Osthoff, Michael"]
[Result "1-0"]
[WhiteElo "1973"]
[BlackElo "1936"]
[PlyCount "169"]
[EventDate "2009.03.??"]
[EventType "team-tourn"]
[EventRounds "9"]
[WhiteTeam "Türkheim 1"]
[BlackTeam "München-Siemens 1"]

1. e4 c5 2. Nf3 Nc6 3. d4 cxd4 4. Nxd4 Nf6 5. Nc3 e5 6. Ndb5 d6 7. Bg5 a6 8.
Na3 b5 9. Nd5 Be7 10. Bxf6 Bxf6 11. c3 Bg5 12. Nc2 Rb8 13. Bd3 O-O 14. Nce3 Be6
15. O-O Ne7 16. f4 exf4 17. Nxf4 Qb6 18. Qe2 Ng6 19. g3 d5 20. Qf2 dxe4 21.
Bxe4 Ne5 22. Ned5 Qxf2+ 23. Rxf2 Bg4 24. h3 Bd7 25. Re1 Ng6 26. h4 Nxf4 27.
Nxf4 Bd8 28. Rd2 Bb6+ 29. Kg2 Bg4 30. Bf3 Bxf3+ 31. Kxf3 Rfd8 32. Nd5 Bc5 33.
Red1 Kf8 34. b3 a5 35. Ke4 Re8+ 36. Kf5 g6+ 37. Kf4 h5 38. Rd3 Kg7 39. Nc7 Re2
40. Rd7 Rb6 41. Kf3 Rxa2 42. Ke4 Bf2 43. R1d3 b4 44. Rf3 Re2+ 45. Kd3 Re3+ 46.
Rxe3 Bxe3 47. Kxe3 bxc3 48. Kd3 Rxb3 49. Kc2 a4 50. Ne8+ Kf8 51. Nd6 f5 52. Nc4
Rb8 53. Ra7 Rb4 54. Kxc3 Rb3+ 55. Kd4 Rxg3 56. Nd6 Rb3 57. Ke5 Rb6 58. Rxa4 Kg8
59. Ra7 f4 60. Ra4 f3 61. Rf4 Rb3 62. Ne4 Re3 63. Kf6 Kh7 64. Ng5+ Kh6 65. Nxf3
Ra3 66. Ng5 Ra6+ 67. Ne6 Ra1 68. Rf3 Ra4 69. Rf4 Ra1 70. Rb4 Rf1+ 71. Ke7 Rf2
72. Rb8 Kh7 73. Rf8 Re2 74. Rf6 Re1 75. Kf7 Ra1 76. Ng5+ Kh8 77. Kxg6 Ra8 78.
Rf7 Ra6+ 79. Kxh5 Kg8 80. Rb7 Rc6 81. Ne4 Ra6 82. Kg5 Ra5+ 83. Kg6 Ra8 84. Nf6+
Kf8 85. h5 1-0

[Event "Bayern-chTT (RL Sued-West)"]
[Site "Bayern 2008/09"]
[Date "2008.11.30"]
[Round "3.8"]
[White "Mattes, Heinz Dr"]
[Black "Zellweger, Wilfried"]
[Result "1-0"]
[WhiteElo "1888"]
[BlackElo "1967"]
[PlyCount "63"]
[EventDate "2009.03.??"]
[EventType "team-tourn"]
[EventRounds "9"]
[WhiteTeam "München-Siemens 1"]
[BlackTeam "Türkheim 1"]

1. d4 d5 2. Nf3 Nf6 3. e3 e6 4. Bd3 Be7 5. Nbd2 O-O 6. O-O Nbd7 7. b3 b6 8. Ne5
Nxe5 9. dxe5 Nd7 10. Bb2 Bb7 11. c4 c5 12. Qe2 Qc7 13. f4 g6 14. Rad1 Rad8 15.
Qg4 Nb8 16. h4 h5 17. Qg3 Kh7 18. Nf3 Nc6 19. Ng5+ Bxg5 20. Qxg5 d4 21. Qxh5+
Kg7 22. Qg5 Qe7 23. Qxe7 Nxe7 24. exd4 cxd4 25. Bc2 Nf5 26. Bxf5 exf5 27. Rxd4
Rxd4 28. Bxd4 Rd8 29. Rd1 Kh6 30. e6 Rf8 31. e7 Re8 32. Bf6 1-0

[Event "Bayern-chTT (RL Sued-West)"]
[Site "Bayern 2008/09"]
[Date "2008.12.14"]
[Round "4.1"]
[White "Rogobete, Nikolas Johann"]
[Black "Schreiner, Richard"]
[Result "0-1"]
[WhiteElo "2148"]
[BlackElo "2096"]
[PlyCount "112"]
[EventDate "2009.03.??"]
[EventType "team-tourn"]
[EventRounds "9"]
[WhiteTeam "Türkheim 1"]
[BlackTeam "Garching 2"]

1. e4 e5 2. Nf3 Nc6 3. Bb5 Nf6 4. O-O Nxe4 5. Re1 Nd6 6. Bxc6 bxc6 7. Rxe5+ Be7
8. Qe2 f6 9. Rh5 Nf7 10. d3 g6 11. Ra5 O-O 12. Be3 Re8 13. Qd2 a6 14. Qc3 Rb8
15. a3 Bb7 16. Nbd2 d6 17. h4 c5 18. b4 cxb4 19. axb4 Ne5 20. Nd4 Qd7 21. f3
Bf8 22. Bf2 f5 23. Re1 Bg7 24. Qb3+ Kh8 25. b5 axb5 26. Rxb5 c5 27. Rb1 Re7 28.
Ne2 Nc6 29. Kf1 Na7 30. Rb6 Nc8 31. Rb5 Bd5 32. c4 Rxb5 33. Qxb5 Bc6 34. Qb8
Re8 35. Nf4 Be5 36. Nd5 Qf7 37. Nc7 d5 38. d4 Bxc7 39. Qb2 Kg8 40. dxc5 dxc4
41. Bd4 Bd5 42. Qc3 Qe7 43. Kg1 Qxh4 44. Nxc4 Bxf3 45. Nd6 Bd5 46. Bf6 Qg4 47.
Qd2 Bxg2 48. Kf2 Qf3+ 49. Kg1 Re2 50. Qd4 Nxd6 51. cxd6 Bxd6 52. Qc4+ Kf8 53.
Qc8+ Kf7 54. Qd7+ Kxf6 55. Qxd6+ Kg5 56. Qd8+ Kh5 0-1

[Event "Bayern-chTT (RL Sued-West)"]
[Site "Bayern 2008/09"]
[Date "2008.12.14"]
[Round "4.2"]
[White "Englert, Jan"]
[Black "Antemia, Paul"]
[Result "1/2-1/2"]
[WhiteElo "2074"]
[BlackElo "2088"]
[PlyCount "141"]
[EventDate "2009.03.??"]
[EventType "team-tourn"]
[EventRounds "9"]
[WhiteTeam "Garching 2"]
[BlackTeam "Türkheim 1"]

1. d4 Nf6 2. Nc3 d5 3. Bg5 Bf5 4. e3 e6 5. Bd3 Be7 6. Bxf5 exf5 7. Bxf6 Bxf6 8.
Qf3 c6 9. Qxf5 O-O 10. Nf3 Nd7 11. O-O Re8 12. Rfe1 g6 13. Qd3 b5 14. Ne2 Nb6
15. Rac1 Nc4 16. b3 Nd6 17. c3 a5 18. Nd2 a4 19. Qc2 axb3 20. axb3 Ra6 21. c4
bxc4 22. bxc4 Qa8 23. cxd5 cxd5 24. Qd3 Rb8 25. Rb1 Rc8 26. Rec1 Ra2 27. Rxc8+
Qxc8 28. Nc1 Rc2 29. Ncb3 Rc3 30. Qf1 Be7 31. Rc1 Rxc1 32. Qxc1 Nc4 33. g3 Bb4
34. Nf3 Qf5 35. Kg2 g5 36. Qd1 Qe4 37. Kg1 g4 38. Nh4 h5 39. Ng2 Nb2 40. Qf1
Qc2 41. Nc1 Nc4 42. Nd3 Ba5 43. Ngf4 Nd2 44. Qc1 Qc4 45. Qd1 Nf3+ 46. Kg2 Bc7
47. Nxh5 Qxd3 48. Nf6+ Kf8 49. Qxd3 Ne1+ 50. Kf1 Nxd3 51. Nxd5 Bd8 52. Ke2 Nb2
53. e4 Bg5 54. f4 gxf3+ 55. Kxf3 Nc4 56. h4 Bc1 57. e5 Nd2+ 58. Ke2 Nb3 59. Kd3
Bb2 60. Nf4 Nxd4 61. Ke4 Ne6 62. Nd5 Nc5+ 63. Kf5 Kg7 64. g4 Ne6 65. g5 Bc1 66.
g6 Nd4+ 67. Ke4 Nc6 68. gxf7 Kxf7 69. Kf5 Ne7+ 70. Nxe7 Kxe7 71. h5 1/2-1/2

[Event "Bayern-chTT (RL Sued-West)"]
[Site "Bayern 2008/09"]
[Date "2008.12.14"]
[Round "4.3"]
[White "Fischer, Manfred Dr(57)"]
[Black "Rusche, Johannes"]
[Result "1/2-1/2"]
[WhiteElo "2109"]
[BlackElo "2036"]
[PlyCount "52"]
[EventDate "2009.03.??"]
[EventType "team-tourn"]
[EventRounds "9"]
[WhiteTeam "Türkheim 1"]
[BlackTeam "Garching 2"]

1. e4 c5 2. Nc3 a6 3. a4 Nc6 4. f4 e6 5. Nf3 d5 6. d3 Nf6 7. Be2 Be7 8. O-O Rb8
9. Qe1 Nd4 10. Bd1 b5 11. axb5 Nxb5 12. Nxb5 Rxb5 13. c4 dxc4 14. dxc4 Rb4 15.
e5 Ng8 16. b3 Nh6 17. Bc2 Rb8 18. Bd2 Bb7 19. Ba5 Qc8 20. Qg3 O-O 21. Ng5 Nf5
22. Qh3 h6 23. Ne4 Nd4 24. Qd3 Nxc2 25. Qxc2 Bxe4 26. Qxe4 Rxb3 1/2-1/2

[Event "Bayern-chTT (RL Sued-West)"]
[Site "Bayern 2008/09"]
[Date "2008.12.14"]
[Round "4.4"]
[White "Wittke, Volker"]
[Black "Groenegress, Wilfried"]
[Result "1/2-1/2"]
[WhiteElo "2084"]
[BlackElo "2010"]
[PlyCount "49"]
[EventDate "2009.03.??"]
[EventType "team-tourn"]
[EventRounds "9"]
[WhiteTeam "Garching 2"]
[BlackTeam "Türkheim 1"]

1. e4 c5 2. Nf3 Nc6 3. d4 cxd4 4. Nxd4 Nf6 5. Nc3 e5 6. Ndb5 d6 7. Bg5 a6 8.
Na3 Be6 9. Nd5 Bxd5 10. exd5 Qa5+ 11. c3 Qxd5 12. Qxd5 Nxd5 13. O-O-O Nf6 14.
Nc4 Rd8 15. Nb6 Be7 16. Bc4 O-O 17. f3 Nd5 18. Bxe7 Ndxe7 19. Rd2 g6 20. g4 Kg7
21. Rhd1 h6 22. Rxd6 Rxd6 23. Rxd6 Rd8 24. Rd7 Rxd7 25. Nxd7 1/2-1/2

[Event "Bayern-chTT (RL Sued-West)"]
[Site "Bayern 2008/09"]
[Date "2008.12.14"]
[Round "4.5"]
[White "Tudosa, Daniel"]
[Black "Mueller, Marcus(63)"]
[Result "0-1"]
[WhiteElo "2027"]
[BlackElo "2081"]
[PlyCount "74"]
[EventDate "2009.03.??"]
[EventType "team-tourn"]
[EventRounds "9"]
[WhiteTeam "Türkheim 1"]
[BlackTeam "Garching 2"]

1. d4 Nf6 2. Nf3 e6 3. g3 b6 4. Bg2 Bb7 5. O-O Be7 6. c4 O-O 7. Nc3 Ne4 8. Nxe4
Bxe4 9. Ne5 Bxg2 10. Kxg2 Qc8 11. Qb3 Qb7+ 12. Qf3 Qxf3+ 13. Kxf3 Bf6 14. Ke4
d6 15. Nf3 Nc6 16. Bd2 Ne7 17. Kd3 c5 18. e4 cxd4 19. Nxd4 d5 20. cxd5 exd5 21.
Rfe1 dxe4+ 22. Rxe4 Rfd8 23. Ke3 Rxd4 24. Rxe7 Rxd2 25. Rb7 Rd6 26. Rc1 Re6+
27. Kf3 Re7 28. Rxe7 Bxe7 29. Rc7 Bc5 30. a3 a5 31. Rb7 a4 32. Rd7 g6 33. h4
Ra5 34. Ke2 Rb5 35. Rd2 Rb3 36. Rc2 Be7 37. Kd1 Bf6 0-1

[Event "Bayern-chTT (RL Sued-West)"]
[Site "Bayern 2008/09"]
[Date "2008.12.14"]
[Round "4.6"]
[White "Lutz, Gerhard(65)"]
[Black "Lux, Werner"]
[Result "1-0"]
[WhiteElo "2084"]
[BlackElo "1929"]
[PlyCount "71"]
[EventDate "2009.03.??"]
[EventType "team-tourn"]
[EventRounds "9"]
[WhiteTeam "Garching 2"]
[BlackTeam "Türkheim 1"]

1. Nf3 d5 2. g3 c5 3. Bg2 Nc6 4. O-O e5 5. d3 Bd6 6. e4 d4 7. c3 Nge7 8. cxd4
cxd4 9. Nbd2 O-O 10. Nc4 Be6 11. Nxd6 Qxd6 12. Ng5 Bd7 13. f4 h6 14. Nf3 b6 15.
f5 f6 16. g4 Rfc8 17. h4 Kf8 18. g5 hxg5 19. hxg5 Ke8 20. Nd2 fxg5 21. Qh5+ Kd8
22. Qxg5 Qf6 23. Nf3 Kc7 24. Qg3 Rg8 25. Bg5 Qd6 26. a3 Kb7 27. b4 b5 28. Rac1
a5 29. Rc5 axb4 30. axb4 Nc8 31. Rd5 Qc7 32. Rxb5+ Ka6 33. Rc5 Kb6 34. Rfc1 Qa7
35. Nxe5 Nxb4 36. R5c4 1-0

[Event "Bayern-chTT (RL Sued-West)"]
[Site "Bayern 2008/09"]
[Date "2008.12.14"]
[Round "4.7"]
[White "Zellweger, Wilfried"]
[Black "Weinberger, Wolfgang"]
[Result "1/2-1/2"]
[WhiteElo "1967"]
[BlackElo "2039"]
[PlyCount "40"]
[EventDate "2009.03.??"]
[EventType "team-tourn"]
[EventRounds "9"]
[WhiteTeam "Türkheim 1"]
[BlackTeam "Garching 2"]

1. e4 e6 2. d4 d5 3. Nc3 Bb4 4. Bd2 dxe4 5. Qg4 Qxd4 6. Nf3 f5 7. Nxd4 fxg4 8.
Nxe4 Bxd2+ 9. Nxd2 Nf6 10. Bc4 Nd5 11. O-O c5 12. Nb5 a6 13. Nd6+ Ke7 14. Nxc8+
Rxc8 15. Rfe1 Nc7 16. Ne4 Nd7 17. Rad1 b5 18. Be2 c4 19. Bxg4 Rd8 20. Ng5 Nf8
1/2-1/2

[Event "Bayern-chTT (RL Sued-West)"]
[Site "Bayern 2008/09"]
[Date "2008.12.14"]
[Round "4.8"]
[White "Tunka, Philipp"]
[Black "Foerch, August"]
[Result "1/2-1/2"]
[WhiteElo "1970"]
[BlackElo "1976"]
[PlyCount "79"]
[EventDate "2009.03.??"]
[EventType "team-tourn"]
[EventRounds "9"]
[WhiteTeam "Garching 2"]
[BlackTeam "Türkheim 1"]

1. c4 g6 2. Nc3 Bg7 3. g3 d6 4. Bg2 Nc6 5. e3 Nf6 6. d4 O-O 7. Nge2 Bd7 8. O-O
Qc8 9. b3 Bh3 10. d5 Bxg2 11. Kxg2 Ne5 12. f4 Ned7 13. Bb2 c6 14. Nd4 cxd5 15.
Nxd5 Nxd5 16. cxd5 Nf6 17. Rc1 Qd7 18. Qf3 Rac8 19. e4 Rxc1 20. Rxc1 Rc8 21.
Rxc8+ Qxc8 22. Qd3 Nd7 23. Qc3 Qxc3 24. Bxc3 a6 25. Kf3 h5 26. Ne2 Bxc3 27.
Nxc3 f6 28. Ke3 Kf7 29. Kd4 g5 30. b4 h4 31. Ke3 hxg3 32. hxg3 gxf4+ 33. gxf4
Kg6 34. f5+ Kg5 35. Na4 Kg4 36. Nc3 Ne5 37. Ne2 b5 38. Nd4 Nc4+ 39. Kd3 Ne5+
40. Ke3 1/2-1/2

[Event "Bayern-chTT (RL Sued-West)"]
[Site "Bayern 2008/09"]
[Date "2008.12.14"]
[Round "4.1"]
[White "Fauth, Dietmar Dr"]
[Black "Hoy, Bernd"]
[Result "0-1"]
[WhiteElo "2170"]
[BlackElo "2239"]
[PlyCount "116"]
[EventDate "2009.03.??"]
[EventType "team-tourn"]
[EventRounds "9"]
[WhiteTeam "München-Siemens 1"]
[BlackTeam "Klosterlechfeld 1"]

1. e4 c5 2. d4 cxd4 3. c3 dxc3 4. Nxc3 Nc6 5. Nf3 a6 6. Bc4 e6 7. O-O d6 8. Qe2
b5 9. Bb3 Ra7 10. Be3 Rd7 11. a4 b4 12. a5 Nxa5 13. Ba4 bxc3 14. Rfc1 Nf6 15.
Rxc3 Nxe4 16. Rxc8 Qxc8 17. Bxd7+ Qxd7 18. Rxa5 Be7 19. Rxa6 O-O 20. Ra7 Qe8
21. Bd4 d5 22. Ne5 Bf6 23. f3 Qb8 24. f4 Rc8 25. Qe3 Bxe5 26. fxe5 Qb3 27. h3
Qd1+ 28. Kh2 Nd2 29. Qf2 Nf1+ 30. Kg1 Ng3+ 31. Kh2 Nf5 32. Bc3 h5 33. Qe1 Qxe1
34. Bxe1 Rc1 35. Bg3 h4 36. Bf4 Rc2 37. Bg5 d4 38. b4 Rb2 39. Rb7 Kh7 40. b5
Kg6 41. Bf4 d3 42. Rd7 Rb4 43. Bd2 Rxb5 44. Rxd3 Rxe5 45. Bc3 Re2 46. Kg1 Rc2
47. Bd2 e5 48. Be1 e4 49. Rc3 Ra2 50. Kf1 Ra1 51. Ke2 Nd4+ 52. Ke3 Rxe1+ 53.
Kxd4 f5 54. Ke5 Rg1 55. Kf4 Rf1+ 56. Ke5 Kg5 57. g4 fxg4 58. Kxe4 Re1+ 0-1

[Event "Bayern-chTT (RL Sued-West)"]
[Site "Bayern 2008/09"]
[Date "2008.12.14"]
[Round "4.2"]
[White "Hornung, Hans Dr"]
[Black "Ruether, Rudolf"]
[Result "1/2-1/2"]
[WhiteElo "2033"]
[BlackElo "2105"]
[PlyCount "98"]
[EventDate "2009.03.??"]
[EventType "team-tourn"]
[EventRounds "9"]
[WhiteTeam "Klosterlechfeld 1"]
[BlackTeam "München-Siemens 1"]

1. d4 Nf6 2. c4 g6 3. Nc3 Bg7 4. e4 O-O 5. Nf3 d6 6. Be2 e5 7. d5 Nbd7 8. O-O
Nc5 9. Qc2 a5 10. Bg5 h6 11. Be3 Qe7 12. Nd2 Bd7 13. b3 c6 14. a3 Rac8 15. b4
axb4 16. axb4 Na6 17. Qb3 Nc7 18. Ra7 Rb8 19. c5 Nfe8 20. Nc4 Qh4 21. cxd6 Nb5
22. Nxb5 cxb5 23. Nb6 Qd8 24. Bc5 f5 25. exf5 gxf5 26. Qa3 Rf6 27. Nxd7 Qxd7
28. Ra8 Rxa8 29. Qxa8 Kh7 30. Ra1 Nxd6 31. Qb8 Ne4 32. d6 Nxd6 33. Rd1 Bf8 34.
h4 Qc6 35. Bf3 e4 36. Bh5 Be7 37. Bd4 Rf8 38. Qa7 Nc4 39. Qa1 Bxh4 40. Qb1 Bf6
41. Bc5 Rg8 42. Be2 Be5 43. Qc2 Qg6 44. Rd7+ Rg7 45. Rxg7+ Kxg7 46. Bxc4 bxc4
47. Qxc4 Qf7 48. Qb5 Kg6 49. Be3 Bg7 1/2-1/2

[Event "Bayern-chTT (RL Sued-West)"]
[Site "Bayern 2008/09"]
[Date "2008.12.14"]
[Round "4.3"]
[White "Boehm, Uwe(56)"]
[Black "Heinrich, Lorenz"]
[Result "1-0"]
[WhiteElo "2078"]
[BlackElo "2042"]
[PlyCount "77"]
[EventDate "2009.03.??"]
[EventType "team-tourn"]
[EventRounds "9"]
[WhiteTeam "München-Siemens 1"]
[BlackTeam "Klosterlechfeld 1"]

1. d4 d5 2. Nf3 Nf6 3. Bg5 e6 4. e3 Be7 5. Bd3 Nbd7 6. Nbd2 O-O 7. c3 Re8 8.
O-O c5 9. Ne5 h6 10. Bf4 a5 11. h3 c4 12. Bc2 Nxe5 13. dxe5 Nd7 14. Qg4 Bg5 15.
Bh2 f5 16. Qh5 Kh7 17. Qe2 Nc5 18. f4 Be7 19. g4 g6 20. Nf3 b5 21. Nd4 b4 22.
Rf2 Ra6 23. Rg2 Rf8 24. Kh1 Rf7 25. Rag1 Bf8 26. Bg3 Be7 27. Be1 Rb6 28. Rh2
Bh4 29. Bxh4 Qxh4 30. Nf3 Qd8 31. h4 Nd3 32. h5 Rg7 33. g5 gxh5 34. Rxh5 Qe8
35. Rxh6+ Kg8 36. Qh2 Qc6 37. Nd4 Qb7 38. Rh8+ Kf7 39. Qh5+ 1-0

[Event "Bayern-chTT (RL Sued-West)"]
[Site "Bayern 2008/09"]
[Date "2008.12.14"]
[Round "4.4"]
[White "Heinrich, Helmut(60)"]
[Black "Markl, Martin"]
[Result "0-1"]
[WhiteElo "2006"]
[BlackElo "2051"]
[PlyCount "91"]
[EventDate "2009.03.??"]
[EventType "team-tourn"]
[EventRounds "9"]
[WhiteTeam "Klosterlechfeld 1"]
[BlackTeam "München-Siemens 1"]

1. f4 e5 2. fxe5 d6 3. exd6 Bxd6 4. Nf3 Nf6 5. e3 Ng4 6. Qe2 Nc6 7. Nc3 Nce5 8.
g3 h5 9. h3 Qf6 10. Nd4 Nd3+ 11. cxd3 Bxg3+ 12. Kd1 Nf2+ 13. Kc2 Nxh1 14. Ne4
Qg6 15. Qf3 f5 16. Nc5 Nf2 17. Nxb7 Rb8 18. Na5 Rb6 19. b3 O-O 20. Ba3 Re8 21.
Bc5 Ra6 22. b4 f4 23. Ndc6 Kh7 24. b5 Rxa5 25. Nxa5 fxe3 26. dxe3 Rd8 27. e4
Nxh3 28. Bxh3 Bxh3 29. Rg1 h4 30. Nc6 Rd7 31. Ne5 Qe6 32. Nxd7 Qxa2+ 33. Kc3
Bxd7 34. Qh5+ Kg8 35. Qd5+ Qxd5 36. exd5 Bxb5 37. Bxa7 Kf7 38. Rg2 g5 39. Bf2
Bxf2 40. Rxf2+ Kg6 41. Rb2 h3 42. Kd4 g4 43. Ke3 g3 44. Kf3 h2 45. Kg2 Bxd3 46.
Rb4 0-1

[Event "Bayern-chTT (RL Sued-West)"]
[Site "Bayern 2008/09"]
[Date "2008.12.14"]
[Round "4.5"]
[White "Haizmann, Thomas"]
[Black "Winterkamp, Stefan"]
[Result "1-0"]
[WhiteElo "2125"]
[BlackElo "1978"]
[PlyCount "67"]
[EventDate "2009.03.??"]
[EventType "team-tourn"]
[EventRounds "9"]
[WhiteTeam "München-Siemens 1"]
[BlackTeam "Klosterlechfeld 1"]

1. d4 Nf6 2. c4 e6 3. Nf3 b6 4. g3 Bb7 5. Bg2 Be7 6. O-O O-O 7. d5 exd5 8. Nh4
Ne4 9. cxd5 Bxh4 10. Bxe4 Bf6 11. Nc3 Bxc3 12. bxc3 f5 13. Bg2 d6 14. Be3 Nd7
15. Bd4 Nf6 16. c4 Qd7 17. Qd3 Rae8 18. f3 Bc8 19. Rae1 Qe7 20. Bh3 g6 21. Qc3
a5 22. Qc2 Qd8 23. e3 Bd7 24. Bb2 b5 25. cxb5 Nxd5 26. e4 Nb4 27. Qc3 Rf6 28.
Qxf6 Qxf6 29. Bxf6 Bxb5 30. exf5 Bxf1 31. Rxe8+ Kf7 32. fxg6+ hxg6 33. Re7+
Kxf6 34. Re6+ 1-0

[Event "Bayern-chTT (RL Sued-West)"]
[Site "Bayern 2008/09"]
[Date "2008.12.14"]
[Round "4.6"]
[White "Birnbaum, Karsten"]
[Black "Amelang, Thomas"]
[Result "0-1"]
[WhiteElo "1933"]
[BlackElo "2068"]
[PlyCount "100"]
[EventDate "2009.03.??"]
[EventType "team-tourn"]
[EventRounds "9"]
[WhiteTeam "Klosterlechfeld 1"]
[BlackTeam "München-Siemens 1"]

1. d4 c5 2. d5 Nf6 3. c4 b5 4. Qc2 d6 5. e4 g6 6. cxb5 a6 7. a4 Bg7 8. Ra3 O-O
9. Nc3 e6 10. Bc4 Re8 11. Nge2 exd5 12. Nxd5 axb5 13. Nxf6+ Bxf6 14. Bxb5 Bd7
15. Bxd7 Qxd7 16. O-O Nc6 17. Rd1 Nd4 18. Nxd4 Bxd4 19. Kh1 Qg4 20. f3 Qh5 21.
Bf4 d5 22. exd5 Qxd5 23. h3 Qb7 24. Rb3 Qa6 25. Rb5 Qxa4 26. Qxa4 Rxa4 27. b4
Bf2 28. Rf1 Bh4 29. g3 Bf6 30. bxc5 Rc4 31. Rc1 Rxc1+ 32. Bxc1 Re1+ 33. Kg2
Rxc1 34. Rb8+ Kg7 35. Rc8 Rc2+ 36. Kh1 h5 37. c6 h4 38. gxh4 Bxh4 39. Kg1 Bg3
40. Ra8 Rxc6 41. Ra2 Bf4 42. Kf2 Rd6 43. Ra4 Rd2+ 44. Kf1 Bd6 45. Kg1 Kf6 46.
h4 Be5 47. Re4 Kf5 48. Ra4 Rd4 49. Ra7 f6 50. Rh7 Kf4 0-1

[Event "Bayern-chTT (RL Sued-West)"]
[Site "Bayern 2008/09"]
[Date "2008.12.14"]
[Round "4.7"]
[White "Osthoff, Michael"]
[Black "King, Alexander"]
[Result "1-0"]
[WhiteElo "1936"]
[BlackElo "1887"]
[PlyCount "69"]
[EventDate "2009.03.??"]
[EventType "team-tourn"]
[EventRounds "9"]
[WhiteTeam "München-Siemens 1"]
[BlackTeam "Klosterlechfeld 1"]

1. d4 Nf6 2. c4 c5 3. d5 b5 4. cxb5 a6 5. b6 Qxb6 6. Nc3 d6 7. e4 g6 8. Nf3 Bg4
9. Bd3 Bg7 10. O-O Nbd7 11. h3 Bxf3 12. Qxf3 O-O 13. a4 Ne5 14. Qe2 Nh5 15. a5
Qa7 16. Bc2 Qb7 17. Kh2 Rae8 18. f4 Nd7 19. Ba4 e6 20. Bc6 Qc7 21. Qxa6 Qd8 22.
Qd3 Re7 23. a6 Nb6 24. a7 Na8 25. Bd2 Rc7 26. Nb5 Rc8 27. Bb7 c4 28. Qa3 Rc5
29. Bc6 Rxc6 30. dxc6 Qb6 31. Nxd6 Qxc6 32. e5 Bh6 33. Qf3 Qc7 34. g4 Ng7 35.
g5 1-0

[Event "Bayern-chTT (RL Sued-West)"]
[Site "Bayern 2008/09"]
[Date "2008.12.14"]
[Round "4.8"]
[White "Regal, Christian"]
[Black "Mattes, Heinz Dr"]
[Result "0-1"]
[WhiteElo "1549"]
[BlackElo "1888"]
[PlyCount "78"]
[EventDate "2009.03.??"]
[EventType "team-tourn"]
[EventRounds "9"]
[WhiteTeam "Klosterlechfeld 1"]
[BlackTeam "München-Siemens 1"]

1. f4 d5 2. Nf3 Nf6 3. e3 e6 4. b3 Be7 5. Bb2 O-O 6. Bb5 c5 7. O-O a6 8. Bd3
Nc6 9. h3 d4 10. g4 Qc7 11. c3 e5 12. fxe5 Nxe5 13. Bc2 d3 14. Nxe5 dxc2 15.
Qxc2 Qxe5 16. Rf3 b5 17. c4 Qd6 18. Nc3 Bb7 19. e4 Qd4+ 20. Re3 Qd7 21. Rf1
Rad8 22. d3 Bd6 23. Ne2 Ne8 24. Nf4 Bxf4 25. Rxf4 b4 26. g5 Nc7 27. h4 Ne6 28.
Rf5 Nd4 29. Bxd4 Qxd4 30. Qe2 Rfe8 31. Qf2 Re7 32. h5 Bc8 33. Rf4 Re5 34. Rxf7
Rxg5+ 35. Kf1 Qa1+ 36. Re1 Bh3+ 37. Ke2 Qb2+ 38. Ke3 Qd4+ 39. Ke2 Qxd3# 0-1